Statistics for Short Term Memory Test - Asian Countries

Click here to take the quiz!

General Stats

  • This quiz has been taken 430 times
  • The average score is 8 of 10

Answer Stats

Country% Correct
Cambodia
100%
United Arab Emirates
92%
South Korea
89%
China
88%
India
87%
Japan
87%
Syria
86%
Turkey
86%
Thailand
84%
Afghanistan
83%
Vietnam
83%
East Timor
82%
Georgia
81%
Pakistan
81%
Singapore
81%
Lebanon
80%
Qatar
80%
Bhutan
79%
Uzbekistan
79%
Israel
78%
Kyrgyzstan
78%
Oman
78%
Tajikistan
78%
Myanmar
77%
Saudi Arabia
77%
Bahrain
76%
Azerbaijan
75%
Bangladesh
71%
Indonesia
71%
Laos
71%
Mongolia
71%
Iran
70%
Kuwait
69%
Malaysia
69%
Maldives
69%
Sri Lanka
69%
Taiwan
69%
Yemen
69%
Jordan
68%
Iraq
67%
North Korea
67%
Armenia
65%
Cyprus
65%
Brunei
64%
Nepal
63%
Kazakhstan
62%
Philippines
60%
Turkmenistan
54%

Score Distribution

Percentile by Number Answered

Percent of People with Each Score

Your Score History

You have not taken this quiz